Guidance note (Record no. 102622)

MARC details
000 -LEADER
fixed length control field 01475cam a2200277 4500
001 - CONTROL NUMBER
control field ##L121066
008 - FIXED-LENGTH DATA ELEMENTS--GENERAL INFORMATION
fixed length control field #DATE n2002 000 0 eng u
035 ## - SYSTEM CONTROL NUMBER
System control number (Sirsi) u121066
041 0# - LANGUAGE CODE
Language code of text/sound track or separate title eng
050 04 - LIBRARY OF CONGRESS CALL NUMBER
Classification number 692.8 $2 18
110 2# - MAIN ENTRY--CORPORATE NAME
Corporate name or jurisdiction name as entry element Joint Contracts Tribunal
9 (RLIN) 3664
240 00 - UNIFORM TITLE
Uniform title GN IFC 98/02
245 00 - TITLE STATEMENT
Title Guidance note
Remainder of title Intermediate Form of Building Contract (IFC 98)
260 ## - PUBLICATION, DISTRIBUTION, ETC.
Place of publication, distribution, etc. London
Name of publisher, distributor, etc. RIBA Publications
Date of publication, distribution, etc. 2002
300 ## - PHYSICAL DESCRIPTION
Extent 12p.
Dimensions 30cm
350 ## - PRICE (NR) (BK AM CF MU VM SE) [OBSOLETE]
Price 9
490 ## - SERIES STATEMENT
Series statement JCT Intermediate Form of Building Contract for Works of Simple Content (1998 Edition) Guidance Note
Volume/sequential designation (2002 Edition)
505 2# - FORMATTED CONTENTS NOTE
Formatted contents note The contract documents -- Information release schedule -- Date of possession -- Extensions of time -- Variations and provisional sums -- Fluctuations -- Testing -- Defects and errors in setting out -- Payment -- Insurance, terrorism cover and joint fire code -- Determination -- Disputes -- Named subcontractors
520 ## - SUMMARY, ETC.
Summary, etc. Superseded by "IC/G : Intermediate Building Contract Guide 2005 (L130773)". Replaces JCT practice note IN/1.
650 24 - SUBJECT ADDED ENTRY--TOPICAL TERM
Topical term or geographic name entry element JCT INTERMEDIATE FORM OF BUILDING CONTRACT FOR WORKS OF SIMPLE CONTENT (1998 EDITION)
650 24 - SUBJECT ADDED ENTRY--TOPICAL TERM
Topical term or geographic name entry element JCT INTERMEDIATE FORM OF BUILDING CONTRACT FOR WORKS OF SIMPLE CONTENT (1998 EDITION) GUIDANCE NOTE (2002 EDITION)
651 #4 - SUBJECT ADDED ENTRY--GEOGRAPHIC NAME
Geographic name UNITED KINGSOM
690 ## - LOCAL SUBJECT ADDED ENTRY--TOPICAL TERM (OCLC, RLIN)
Topical term or geographic name as entry element BUILT ENVIRONMENT-BUILDING CONTRACT FORMS-STANDARD FORMS OF BUILDING CONTRACT-JOINT CONTRACTS TRIBUNAL CONTRACTS
942 ## - ADDED ENTRY ELEMENTS (KOHA)
Suppress in OPAC 0
Holdings
Withdrawn status Lost status Source of classification or shelving scheme Damaged status Not for loan Home library Current library Shelving location Date acquired Cost, normal purchase price Total Checkouts Full call number Barcode Date last seen Copy number Cost, replacement price Price effective from Koha item type Date last checked out
    Dewey Decimal Classification     London London Boxed set 19/06/2006 12.50   JCT 2002/27 30072416 06/08/2019 1 12.50 06/08/2019 Reference material  
    Dewey Decimal Classification     London London Boxed set 19/06/2006 12.50 1 JCT 2002/27 30071559 06/08/2019 2 12.50 06/08/2019 Book 03/09/2009